Joueurs ayant gagné la LDC avec 2 clubs différents - Mort Subite - Statistiques

Statistiques générales
  • Ce quiz a été pris 547 fois
  • Le résultat moyen est 7 sur 12
Answers on the Grid
Answers color-coded by a green-red scale on the quiz's grid according to % correct below.
Cristiano Ronaldo
Toni Kroos
Gerard Piqué
David Alaba
Xabi Alonso
Didier Deschamps
Thiago Motta
Antonio Rüdiger
Achraf Hakimi
Lucas Hernández
Marcel Desailly
Mateo Kovacic
Lionel Messi
Jean-Pierre Papin
Johan Cruyff
Zlatan Ibrahimović
Gianluigi Buffon
Kylian Mbappé
 
Statistiques - réponses
Réponse % Correct
Manchester United, Real Madrid Cristiano Ronaldo
79%
Bayern Munich, Real Madrid Toni Kroos
70%
Real Madrid, Paris Saint-Germain Achraf Hakimi
69%
Chelsea FC, Real Madrid Antonio Rüdiger
68%
Bayern Munich, Real Madrid David Alaba
68%
FC Liverpool, Real Madrid Xabi Alonso
67%
Bayern Munich, Paris Saint-Germain Lucas Hernández
65%
Real Madrid, Chelsea FC Mateo Kovacic
57%
Manchester United, FC Barcelone Gerard Piqué
56%
Olympique de Marseille, Juventus Turin Didier Deschamps
42%
Olympique de Marseille, AC Milan Marcel Desailly
39%
FC Barcelone, Inter Milan Thiago Motta
27%
Aucun quiz correspondant
Distribution des résultats
% des personnes avec chaque résultat
Percentile par nombre de réponses
Votre historique - résultats
Vous n’avez pas pris ce quiz